Finding Nemo - Characters by Picture - Statistics

General Stats
  • This quiz has been taken 195 times
  • The average score is 14 of 32
Answer Stats
Picture Answer % Correct
Nemo
99%
Dory
93%
Marlin
88%
Bruce
65%
Coral
57%
Crush
57%
Darla Sherman
54%
Squirt
52%
Gill
50%
Hank
49%
Mr. Ray
49%
Destiny
43%
Charlie
41%
Jenny
39%
Bailey
37%
Becky
37%
Bubbles
37%
Nigel
36%
Bloat
35%
Peach
34%
Chum
31%
Jacques
31%
Deb
30%
Gerald
29%
Anchor
28%
Pearl
28%
Gurgle
27%
Sheldon
26%
Dr. Philip Sherman
24%
Tad
24%
Fluke
20%
Rudder
20%
No matching quizzes found
Score Distribution
Percent of People with Each Score
Percentile by Number Answered
Your Score History
You have not taken this quiz